| 000 | 00905nas a2200289 4500 | ||
|---|---|---|---|
| 001 | BR2012003714 | ||
| 003 | BR-BrBNA | ||
| 005 | 20231205120619.0 | ||
| 007 | ta | ||
| 008 | 230509b bl.|||p| |||| 00| 00por d | ||
| 040 |
_aBR-BrBNA _bpor _cBiblioteca Nacional de Agricultura |
||
| 041 | _a(Pt) | ||
| 072 | _aS40 | ||
| 100 | 1 | _aRolim, P.M. | |
| 100 | 1 | _aSouza, K.M. de | |
| 100 | 1 | _aFilgueira, L.P. | |
| 100 | 1 | _aSilva, L.C. da | |
| 245 | 1 | _aApresentação da refeição versus desperdício de alimentos na alimentação de pacientes oncológicos | |
| 650 | _aEFICIÊNCIA NUTRICIONAL | ||
| 650 | _aSAÚDE | ||
| 650 | _aPESQUISA | ||
| 650 | _aCONTROLE DE QUALIDADE | ||
| 650 | _aPROGRAMA DE NUTRIÇÃO | ||
| 773 | 0 |
_tAlimentos e Nutrição (Brazil) _xISSN 0103-4235 _g(Jan-Mar 2011), v. 22(1) p. 137-142 _wBR2012003714 |
|
| 909 |
_a202311 _bLúcia _c55 _dLúcia Elande |
||
| 942 |
_2AGRIS _n0 _cANA |
||
| 999 |
_c219384 _d219384 |
||